Hiệu quả của mô hình canh tác rau ứng dụng tiến bộ kỹ thuật tại huyện Hồng Dân, tỉnh Bạc Liêu : Luận văn Thạc sĩ Khoa học Nông nghiệp. Chuyên ngành: Trồng trọt
Đề tài nghiên cứu hiệu quả của mô hình canh tác rau ứng dụng tiến bộ kỹ thuật tại huyện Hồng Dân, tỉnh Bạc Liêu qua 4 thí nghiệm là 4 loại rau: cà chua, dưa leo, khổ qua và xà lách, được bố trí theo thể thức khối hoàn toàn ngẫu nhiên gồm...
Gespeichert in:
| 1. Verfasser: | |
|---|---|
| Format: | Buch |
| Sprache: | Undetermined |
| Veröffentlicht: |
Cần Thơ
Trường Đại học học Cần Thơ
2012
|
| Schlagworte: | |
| Tags: |
Tag hinzufügen
Keine Tags, Fügen Sie den ersten Tag hinzu!
|
| Thư viện lưu trữ: | Trung tâm Học liệu Trường Đại học Cần Thơ |
|---|
| LEADER | 01529nam a2200217Ia 4500 | ||
|---|---|---|---|
| 001 | CTU_175902 | ||
| 008 | 210402s9999 xx 000 0 und d | ||
| 082 | |a 635.04 | ||
| 082 | |b Th108 | ||
| 088 | |a 606201 | ||
| 100 | |a Hà, Thanh Thảo | ||
| 245 | 0 | |a Hiệu quả của mô hình canh tác rau ứng dụng tiến bộ kỹ thuật tại huyện Hồng Dân, tỉnh Bạc Liêu : | |
| 245 | 0 | |b Luận văn Thạc sĩ Khoa học Nông nghiệp. Chuyên ngành: Trồng trọt | |
| 245 | 0 | |c Hà Thanh Thảo ; Trần Thị Ba (Người hướng dẫn Khoa học) | |
| 260 | |a Cần Thơ | ||
| 260 | |b Trường Đại học học Cần Thơ | ||
| 260 | |c 2012 | ||
| 520 | |a Đề tài nghiên cứu hiệu quả của mô hình canh tác rau ứng dụng tiến bộ kỹ thuật tại huyện Hồng Dân, tỉnh Bạc Liêu qua 4 thí nghiệm là 4 loại rau: cà chua, dưa leo, khổ qua và xà lách, được bố trí theo thể thức khối hoàn toàn ngẫu nhiên gồm 2 nghiệm thức: áp dụng kỹ thuật tiến bộ, áp dụng kỹ thuật nông dân với 3 lần lặp lại nhằm xác định hiệu quả của ứng dụng tiến bộ kỹ thuật mới cao hơn kỹ thuật truyền thống của nông dân. | ||
| 650 | |a Vegetables,Tomatoes,Rau,Cà chua | ||
| 904 | |i Năm | ||
| 980 | |a Trung tâm Học liệu Trường Đại học Cần Thơ | ||